| 000 | 00718nam a2200193Ii 4500 | ||
|---|---|---|---|
| 003 | JO-AjNU | ||
| 008 | 230605s9999||||xx |||||||||||||| ||und|| | ||
| 040 |
_aJO-AjNU _bara _erda _cJO-AjNU |
||
| 041 | _aara | ||
| 050 | 1 | 4 | _aHD2111.3.1989 |
| 100 | 3 |
_aعفاش،احمد نجيب/سالم حسين النجفي, _eauthor _99014 |
|
| 245 | 0 | 0 | _aالتنمية الزراعية الحديثة |
| 264 | 3 | 1 | _aبغداد:دار الكتب العربية،1989 |
| 300 |
_a224ص _bيحتوي على جداول احصائيةمن صفحة210 الى صفحة224 |
||
| 336 |
_atext _btxt _2rdacontent |
||
| 337 |
_aunmediated _bn _2rdamedia |
||
| 338 |
_avolume _bnc _2rdacarrier |
||
| 650 | 4 |
_aالتنمية الزراعية _99015 |
|
| 999 |
_aA1083 _c4651 _d4651 |
||